|
|
|
|
| LEADER |
00000cam a2200000 a 4500 |
| 001 |
vtls010315603 |
| 003 |
SK-MaSNL |
| 005 |
20260301032102.0 |
| 008 |
130117s2001 xo f u 000 0 slo |
| 015 |
|
|
|a SNBN2014
|
| 020 |
|
|
|c (cen. skup. 3)
|
| 040 |
|
|
|a SNK
|b slo
|c SNK
|e AACR2
|
| 041 |
1 |
|
|a slo
|h eng
|
| 044 |
|
|
|a xo
|c SK
|
| 046 |
|
|
|a m
|m 200110 (účin.)
|n 200201
|
| 072 |
|
7 |
|a 629
|x Dopravné prostriedky
|2 konspekt
|
| 080 |
|
|
|a 629.5.072
|2 2001
|
| 080 |
|
|
|a 006.86
|2 2001
|
| 080 |
|
|
|a (437.6)
|2 2001
|
| 080 |
|
|
|a (4)
|2 2001
|
| 080 |
|
|
|a (083)
|2 2001
|
| 084 |
|
|
|a 47.020.70
|2 ICS
|
| 130 |
0 |
|
|a STN 32 6722 [neplatná] (STN EN 61023/Z1)
|9 328750
|
| 245 |
1 |
0 |
|a STN EN 61023/Z1: 2001, [neplatná] (32 6722), Námorné zariadenie na meranie rýchlosti a vzdialenosti (SDME). Požiadavky na prevádzku a funkčnú spôsobilosť. Skúšobné metódy a vyžadované výsledky skúšok. Zmena 1
|
| 246 |
1 |
0 |
|a Námorné zariadenie na meranie rýchlosti a vzdialenosti (SDME)
|
| 246 |
1 |
0 |
|a Požiadavky na prevádzku a funkčnú spôsobilosť
|
| 246 |
1 |
0 |
|a Skúšobné metódy a vyžadované výsledky skúšok
|
| 260 |
|
|
|a Bratislava
|b Slovenský ústav technickej normalizácie
|c 2001
|
| 300 |
|
|
|a 2 s.
|c 30 cm
|
| 500 |
|
|
|a Zmena Z1 sa týka normy STN EN 61023 z januára 2000
|
| 500 |
|
|
|a Spracovateľ: Navicom a.s., Výskumný ústav stavby lodí Komárno, Ladislav Tóth ; SÚTN Bratislava, Jozef Onderko
|
| 540 |
|
|
|a STN vydané na akomkoľvek nosiči sa môžu rozmnožovať a rozširovať iba so súhlasom určenej právnickej osoby
|b SÚTN Bratislava
|c zákon 264/1999 Z. z.
|
| 650 |
0 |
7 |
|a riadenie plavidiel
|2 SNKPH
|9 328751
|
| 650 |
0 |
7 |
|a technické normy a štandardy
|z krajiny Európskej únie
|2 SNKPH
|9 289341
|
| 650 |
0 |
7 |
|a Ship navigation
|2 SNKPHeng
|9 328752
|
| 650 |
0 |
7 |
|a technické normy a štandardy
|z Slovensko
|2 SNKPH
|9 79594
|
| 650 |
0 |
7 |
|a námorná navigácia
|2 SNKPH
|9 177332
|
| 650 |
0 |
7 |
|a Ship piloting
|2 SNKPHeng
|9 328753
|
| 655 |
|
7 |
|a normy
|2 SNKPH
|9 70643
|
| 700 |
1 |
|
|a Tóth, Ladislav
|4 trl
|9 6295
|
| 700 |
1 |
|
|a Onderko, Jozef
|4 aut
|9 303607
|
| 710 |
2 |
|
|a Navicom (Komárno, Slovensko).
|b Výskumný ústav stavby lodí
|4 trl
|9 314989
|
| 710 |
2 |
|
|a Slovenský ústav technickej normalizácie (Bratislava, Slovensko).
|b Technická normalizačná komisia č. 8 Lode a plávajúce zariadenia
|4 stn
|9 314990
|
| 852 |
|
|
|a Štátna vedecká knižnica v Banskej Bystrici
|
| 958 |
|
|
|a OP
|
| 999 |
|
|
|c 577803
|d 579733
|
| 952 |
|
|
|a SNK
|b SNK
|y PREZ
|7 0
|p 17A0718841
|o snkSTN EN 61023/Z1
|i snk2011/20348
|8 0
|0 0
|1 0
|4 0
|d 2011-10-03
|l 0
|r 2026-02-23 14:39:15
|w 2026-02-23
|
| 952 |
|
|
|a SNK
|b SNK
|y PREZ
|7 0
|p 17A0718835
|o snkSTN EN 61023/Z1 D1
|i snk2011/20349
|8 0
|0 0
|1 0
|4 0
|d 2011-10-03
|l 0
|r 2026-02-23 14:39:15
|w 2026-02-23
|